Catálogo público

Entomologie appliquée a l' agriculture (Record no. 70447)

MARC details
000 -CABECERA
campo de control de longitud fija 01454cam a22003617a 4500
003 - IDENTIFICADOR DEL NÚMERO DE CONTROL
campo de control CHAP
005 - FECHA Y HORA DE LA ÚLTIMA TRANSACCIÓN
campo de control 20220329141558.0
008 - DATOS DE LONGITUD FIJA--INFORMACIÓN GENERAL
campo de control de longitud fija 971013s1962 r 00010 d
010 ## - NÚMERO DE CONTROL DE LA BIBLIOTECA DEL CONGRESO
Número de control de LC 70447
011 ## - ENLACE DEL NUMERO DE CONTROL DE LA BIBLIOTECA DEL CONGRESO [OBSOLETO]
Número de control de LC 71419
035 ## - NÚMERO DE CONTROL DEL SISTEMA
Número de control de sistema 80973
040 ## - FUENTE DE LA CATALOGACIÓN
Centro/agencia transcriptor CHAP
082 ## - NÚMERO DE LA CLASIFICACIÓN DECIMAL DEWEY
Número de clasificación 595.7
Número de documento/Ítem B35
100 00 - ENTRADA PRINCIPAL--NOMBRE DE PERSONA
Nombre de persona Balachowsky, A. S.
Término indicativo de función/relación ed.
9 (RLIN) 9591
245 #0 - MENCIÓN DE TÍTULO
Título Entomologie appliquée a l' agriculture
260 ## - PUBLICACIÓN, DISTRIBUCIÓN, ETC.
Lugar de publicación, distribución, etc. París :
Nombre del editor, distribuidor, etc. Masson,
Fecha de publicación, distribución, etc. 1962
300 ## - DESCRIPCIÓN FÍSICA
Extensión v.
Otras características físicas : ilus.
500 ## - NOTA GENERAL
Nota general Lepidoptera
505 ## - NOTA DE CONTENIDO CON FORMATO
Nota de contenido con formato Contenido: T.1 Coléopteres v.1 Caraboidea. Staphylinoidea. Hydrophiloidea. Scarabaeoidea: Dscilloidea. Cantharoidea. Bostrychoidea. Cucujoidea. Phytophagoidea (Cerambycidae et Bruchidae) -- v.2 Phytophagoidea (suite et fin) (Chrysomelidae, Cuculionidae, A
590 ## - NOTA LOCAL (RLIN)
Nota local BATCH-UPD
Procedencia (VM) [OBSOLETO] 10
Condición del los carretes individuales (VM) [OBSOLETO] 20130110
-- UCH01
-- 0420
590 ## - NOTA LOCAL (RLIN)
Nota local BATCH-UPD
Procedencia (VM) [OBSOLETO] 10
Condición del los carretes individuales (VM) [OBSOLETO] 20130110
-- UCH01
-- 2105
590 ## - NOTA LOCAL (RLIN)
Nota local BATCH-UPD
Procedencia (VM) [OBSOLETO] 10
Condición del los carretes individuales (VM) [OBSOLETO] 20130410
-- UCH01
-- 0054
590 ## - NOTA LOCAL (RLIN)
Nota local BATCH-UPD
Procedencia (VM) [OBSOLETO] 10
Condición del los carretes individuales (VM) [OBSOLETO] 20130914
-- UCH01
-- 0525
590 ## - NOTA LOCAL (RLIN)
Nota local CONVERSION
Procedencia (VM) [OBSOLETO] 10
Condición del los carretes individuales (VM) [OBSOLETO] 20130109
-- UCH01
-- 1339
650 14 - PUNTO DE ACCESO ADICIONAL DE MATERIA--TÉRMINO DE MATERIA
Término de materia o nombre geográfico como elemento de entrada Coleópteros.
9 (RLIN) 25123
650 14 - PUNTO DE ACCESO ADICIONAL DE MATERIA--TÉRMINO DE MATERIA
Término de materia o nombre geográfico como elemento de entrada Entomología.
9 (RLIN) 37113
901 ## - ELEMENTOS DE DATOS A LOCAL LDA (RLIN)
a BK
942 ## - ELEMENTOS DE PUNTO DE ACCESO ADICIONAL (KOHA)
Tipo de ítem Koha Libro
949 ## - PROCESAMIENTO DE INFORMACIÓN LOCAL (OCLC)
a 595.7 B35
b BC
c LIBRO
d 33724000371662
e LIBRO
f t.1 v.1
i 80973
s i
949 ## - PROCESAMIENTO DE INFORMACIÓN LOCAL (OCLC)
a 595.7 B35
b BC
c LIBRO
d 33724000398582
e LIBRO
f t.1 v.1 c.2
i 80973
s i
949 ## - PROCESAMIENTO DE INFORMACIÓN LOCAL (OCLC)
a 595.7 B35
b BC
c LIBRO
d 33724000600250
e LIBRO
f t.1 v.2
h 26932
i 80973
s i
949 ## - PROCESAMIENTO DE INFORMACIÓN LOCAL (OCLC)
a 595.7 B35
b BC
c LIBRO
d 33724000669636
e LIBRO
f t.2 v.2
h 17842
i 80973
s i
Holdings
Estado de retiro Estado de pérdida Fuente del sistema de clasificación o colocación Estado dañado Restricciones de uso No para préstamo Código de colección Localización permanente Ubicación/localización actual Ubicación en estantería Fecha de adquisición Información codificada de la localización en otra ubicación Total de préstamos Signatura topográfica completa Código de barras Fecha visto por última vez Número de copia Precio válido a partir de Tipo de ítem Koha
    Dewey Decimal Classification   Préstamo 15 días   General Biblioteca Central Biblioteca Central Planta alta - Colección General 17/12/2012 LIBRO   595.7 B35 33724000371662 31/12/2019 t.1 v.1 31/12/2019 Libro
    Dewey Decimal Classification   Préstamo 15 días   General Biblioteca Central Biblioteca Central Planta alta - Colección General 17/12/2012 LIBRO   595.7 B35 33724000398582 31/12/2019 t.1 v.1 c.2 31/12/2019 Libro
    Dewey Decimal Classification   Préstamo 15 días   General Biblioteca Central Biblioteca Central Planta alta - Colección General 31/12/2019 LIBRO   595.7 B35 33724000600250 31/12/2019 t.1 v.2 31/12/2019 Libro
    Dewey Decimal Classification   Préstamo 15 días   General Biblioteca Central Biblioteca Central Planta alta - Colección General 31/12/2019 LIBRO   595.7 B35 33724000669636 31/12/2019 t.2 v.2 31/12/2019 Libro